Capitales sans les lettres de "Ouagadougou" - Statistiques

Statistiques générales
  • Ce quiz a été pris 10 fois
  • Le résultat moyen est 5 sur 10
Statistiques - réponses
Continents Capitales % Correct
Europe Berlin
75%
Europe Vienne
75%
Europe Berne
63%
Europe Kiev
63%
Europe Minsk
63%
Europe Helsinki
38%
Asie Pékin
38%
Asie Bichkek
25%
Asie Tbilissi
13%
Afrique Libreville
0%
Aucun quiz correspondant
Distribution des résultats
% des personnes avec chaque résultat
Percentile par nombre de réponses
Votre historique - résultats
Vous n’avez pas pris ce quiz